[Event "IND-chB 49th"]
[Site "Aurangabad"]
[Date "2011.06.20"]
[Round "7"]
[White "Ankit, R Rajpara"]
[Black "Mallick, Anjan"]
[Result "1-0"]
[WhiteElo "2353"]
[BlackElo "2189"]
[PlyCount "71"]
[EventDate "2011.06.16"]
[EventType "swiss"]
[EventRounds "13"]
[EventCountry "IND"]
[SourceTitle "CBM 143 Extra"]
[Source "ChessBase"]
[SourceDate "2011.08.29"]
[SourceVersion "1"]
[SourceVersionDate "2011.08.29"]
[SourceQuality "1"]

1. e4 d6 2. d4 Nf6 3. Nc3 g6 4. Be3 c6 5. h3 b5 6. e5 Nfd7 7. exd6 exd6 8. d5 a6 9. a4 c5 10. axb5 Bg7 11. bxa6 Bxa6 12. Bxa6 Nxa6 13. Qe2 0-0 14. Rxa6 Rb8 15. Qd1 Rxb2 16. Nge2 f5 17. 0-0 Qb8 18. Bf4 Ne5 19. Bxe5 Bxe5 20. Qd3 Re8 21. Raa1 Qc7 22. Rab1 Reb8 23. Rxb2 Rxb2 24. Rb1 Qb7 25. Rxb2 Qxb2 26. g3 Kg7 27. Kg2 Qb4 28. Nd1 f4 29. Nxf4 Bxf4 30. gxf4 Qxf4 31. Ne3 h5 32. Qc4 Qe5 33. Kf3 Qh2 34. Qh4 Kg8 35. Qg3 Qh1+ 36. Qg2 1-0

[Event "New Delhi Parsvnath op 8th"]
[Site "New Delhi"]
[Date "2010.01.20"]
[Round "9"]
[White "Suvrajit, Saha"]
[Black "Mallick, Anjan"]
[Result "1-0"]
[WhiteElo "2343"]
[BlackElo "2191"]
[PlyCount "107"]
[EventDate "2010.01.14"]
[EventType "swiss"]
[EventRounds "11"]
[EventCountry "IND"]
[SourceTitle "CBM 134 Extra"]
[Source "ChessBase"]
[SourceDate "2010.03.03"]
[SourceVersion "1"]
[SourceVersionDate "2010.03.03"]
[SourceQuality "1"]

1. d4 Nf6 2. Nf3 g6 3. c4 Bg7 4. Nc3 0-0 5. e4 d6 6. Be2 e5 7. 0-0 Nc6 8. d5 Ne7 9. Ne1 Nd7 10. Nd3 f5 11. Bd2 Nf6 12. f3 f4 13. c5 g5 14. Rc1 Ng6 15. a4 h5 16. cxd6 cxd6 17. Nf2 Rf7 18. Nb5 Ne8 19. Qb3 Bf8 20. Rc2 Rg7 21. Rfc1 g4 22. fxg4 hxg4 23. Bxg4 Bxg4 24. Nxg4 Nh4 25. Qh3 Qg5 26. Be1 Qxg4 27. Qxh4 Qf3 28. Nc3 Rc8 29. Rf2 Qe3 30. Bd2 Qb6 31. Qh3 Qd8 32. Qe6+ Rf7 33. Rcf1 Rcc7 34. Nb5 Rce7 35. Qg4+ Rg7 36. Qf3 a6 37. Na3 Ref7 38. Rc1 Qh4 39. Be1 Nf6 40. Rd2 Qh6 41. Rc8 Ng4 42. h3 Ne3 43. Nc4 Nxc4 44. Rxc4 Kh7 45. Rdc2 Be7 46. Rc7 Bd8 47. Rxf7 Bb6+ 48. Kh2 Rxf7 49. Rc8 Rg7 50. Re8 Bc5 51. b4 Be3 52. Bf2 Bxf2 53. Qxf2 Qg6 54. Qh4+ 1-0